Avatares de la creencia en Dios /
Obra que reúne diversos escritos del teólogo y filósofo español Manuel Fraijó (1941), en el que se esboza su biografía intelectual, aborda el hecho religioso, la expansión de las religiones, el mal, la vida después de la muerte, Jesucristo, el pensamiento de Küng, Caffarena y Pannenberg, así como ar...
Guardado en:
| Hovedforfatter: | |
|---|---|
| Format: | Bog |
| Sprog: | spansk |
| Udgivet: |
Madrid, España :
Trotta,
2016, c2016
|
| Fag: | |
| Tags: |
Ingen Tags, Vær først til at tagge denne postø!
|
MARC
| LEADER | 00000nam^a2200000^a^4500 | ||
|---|---|---|---|
| 001 | 000389425 | ||
| 005 | 20250521000000.0 | ||
| 009 | 20260310121122.006 | ||
| 020 | |a 978-84-9879-636-0 | ||
| 037 | |a Acervo ITESO - Biblioteca | ||
| 041 | |a ESP | ||
| 082 | |a 200. |b FRA | ||
| 100 | |a Fraijó, Manuel |e (autor) | ||
| 245 | 1 | 0 | |a Avatares de la creencia en Dios / |c M. Fraijó. |
| 264 | 4 | |a Madrid, España : |b Trotta, |c 2016, c2016 | |
| 300 | |a 327 p. | ||
| 336 | |a texto |b txt |2 rdacontenido | ||
| 337 | |a sin mediación |b n |2 rdamedio | ||
| 338 | |a volumen |b nc |2 rdasoporte | ||
| 520 | |a Obra que reúne diversos escritos del teólogo y filósofo español Manuel Fraijó (1941), en el que se esboza su biografía intelectual, aborda el hecho religioso, la expansión de las religiones, el mal, la vida después de la muerte, Jesucristo, el pensamiento de Küng, Caffarena y Pannenberg, así como artículos publicados en el diario El País. | ||
| 521 | |a Peticiones 2016 y anteriores | ||
| 649 | |a XX | ||
| 650 | |a Dios - |x Tema Principal | ||
| 650 | |a Jesucristo | ||
| 650 | |a Iglesia Católica - |x Historia - |y Papa, 2013-2025 (Francisco) | ||
| 650 | |a Teólogos - |x Entrevistas | ||
| 650 | |a Fe | ||
| 650 | |a Espiritualidad | ||
| 650 | |a Bien y Mal | ||
| 650 | |a Esperanza | ||
| 650 | |a Escatología | ||
| 650 | |a Trascendencia | ||
| 650 | |a Teodicea | ||
| 650 | |a Teología - |x Tema Principal | ||
| 650 | |a Religión - |x Filosofía | ||
| 650 | |a Religión - |x Tema Principal | ||
| 650 | |a Fraijó, Manuel | ||
| 650 | |a Gómez Caffarena, José | ||
| 650 | |a Küng, Hans | ||
| 650 | |a Pannenberg, Wolfhart | ||
| 910 | |a Fondo General | ||
| 920 | |a Impresos - Libros | ||
| 930 | |a Colección General | ||
| 905 | |a 101 | ||
| 901 | |a 0500283982 |b IT1 |c ACC |i C153242 |u 20250521 | ||
| 902 | |a https://opac.biblio.iteso.mx/vufind/Record/000389425 | ||